[Event "8th Sunway Sitges 2021"]
[Site "Sitges ESP"]
[Date "2021.12.16"]
[Round "4.2"]
[White "Cheparinov, Ivan"]
[Black "Suleymanli, Aydin"]
[Result "1/2-1/2"]
[WhiteTitle "GM"]
[BlackTitle "GM"]
[WhiteElo "2664"]
[BlackElo "2537"]
[WhiteFideId "2905540"]
[BlackFideId "13413937"]
[EventDate "2021.12.13"]

1. e4 c6 2. d4 d5 3. e5 Bf5 4. h4 h5 5. Bd3 Bxd3 6. Qxd3 Qa5+ 7. c3 e6 8. a4 c5
9. dxc5 Qxc5 10. Nf3 Ne7 11. O-O Nf5 12. Bg5 Be7 13. Bxe7 Qxe7 14. g3 Nc6 15.
Nbd2 Rc8 16. Rfe1 g6 17. a5 a6 18. Nb3 Kf8 19. Ra4 Kg7 20. Qd2 Rc7 21. Qf4 Rhc8
22. Rd1 Qe8 23. Nbd4 Nfxd4 24. Nxd4 Kg8 25. Nxc6 Rxc6 26. Rdd4 b5 27. axb6 Rxb6
28. Rab4 Rxb4 29. Rxb4 Rb8 30. Rxb8 Qxb8 31. b4 1/2-1/2

[Event "8th Sunway Sitges 2021"]
[Site "Sitges ESP"]
[Date "2021.12.16"]
[Round "4.3"]
[White "Niemann, Hans Moke"]
[Black "Van Foreest, Lucas"]
[Result "1/2-1/2"]
[WhiteTitle "GM"]
[BlackTitle "GM"]
[WhiteElo "2645"]
[BlackElo "2530"]
[WhiteFideId "2093596"]
[BlackFideId "1039792"]
[EventDate "2021.12.13"]

1. c4 e6 2. Nc3 d5 3. d4 Nf6 4. Bg5 Bb4 5. Qa4+ Nc6 6. a3 Bxc3+ 7. bxc3 O-O 8.
e3 Re8 9. Nf3 a6 10. Qc2 h6 11. Bh4 Bd7 12. Be2 dxc4 13. Ne5 Ne7 14. g4 Bc6 15.
Rg1 Be4 16. Qc1 Ng6 17. Nxg6 Bxg6 18. Bxc4 e5 19. Qb2 b5 20. Be2 exd4 21. cxd4
c5 22. dxc5 Qa5+ 23. Qb4 Qxb4+ 24. axb4 Nd5 25. Kd2 Nxb4 26. Rgc1 f6 27. Bg3
Red8+ 28. Bd6 Rac8 29. f3 Nc2 30. Rxa6 Rxc5 31. e4 Nb4 32. Rb6 Rxc1 33. Kxc1
Rc8+ 34. Kd2 Nc6 35. Ke3 Na5 36. Rxb5 Nc4+ 37. Bxc4+ Rxc4 38. Rb8+ Kh7 39. Rb7
Kg8 40. e5 fxe5 41. Bxe5 Bf7 42. f4 Ra4 43. Bb2 Ra8 44. h4 Re8+ 45. Kf2 Rd8 46.
f5 Rd2+ 47. Kg3 Rd3+ 1/2-1/2

[Event "8th Sunway Sitges 2021"]
[Site "Sitges ESP"]
[Date "2021.12.16"]
[Round "4.4"]
[White "Vocaturo, Daniele"]
[Black "Sankalp, Gupta"]
[Result "1/2-1/2"]
[WhiteTitle "GM"]
[BlackTitle "IM"]
[WhiteElo "2621"]
[BlackElo "2504"]
[WhiteFideId "813192"]
[BlackFideId "5097010"]
[EventDate "2021.12.13"]

1. e4 e5 2. Nf3 Nf6 3. d4 Nxe4 4. Bd3 d5 5. Nxe5 Nd7 6. Nc3 Nxc3 7. bxc3 Bd6 8.
O-O O-O 9. Re1 c5 10. Qf3 c4 11. Bf5 Nxe5 12. dxe5 Re8 13. Bf4 Bf8 14. Bxc8 Rxc8
15. Red1 Rc5 16. Rd2 Qd7 17. h4 Qe6 18. h5 h6 19. g4 Ra5 20. Kg2 Be7 21. Bg3 Rd8
22. Kh3 Ra3 23. Rad1 Rxa2 24. Rxd5 Rxd5 25. Rxd5 Qc6 26. Qd1 Rxc2 27. Rd6 Qe4
28. f3 Qe2 29. Qxe2 Rxe2 30. Rd7 Bc5 31. Rxb7 1/2-1/2

[Event "8th Sunway Sitges 2021"]
[Site "Sitges ESP"]
[Date "2021.12.16"]
[Round "4.5"]
[White "Harsha, Bharathakoti"]
[Black "Sethuraman, S.P."]
[Result "0-1"]
[WhiteTitle "GM"]
[BlackTitle "GM"]
[WhiteElo "2489"]
[BlackElo "2613"]
[WhiteFideId "5078776"]
[BlackFideId "5021596"]
[EventDate "2021.12.13"]

1. e4 e5 2. Nf3 Nc6 3. Bb5 a6 4. Ba4 Nf6 5. O-O Be7 6. Re1 b5 7. Bb3 O-O 8. a4
Bb7 9. d3 d6 10. c3 Na5 11. Bc2 c5 12. Nbd2 Re8 13. Nf1 h6 14. Ng3 Bf8 15. d4
exd4 16. cxd4 d5 17. e5 Ne4 18. axb5 axb5 19. Nxe4 dxe4 20. Rxe4 Bxe4 21. Bxe4
Rc8 22. d5 c4 23. d6 Nb3 24. Ra7 Bxd6 25. Ng5 Bc7 26. Qh5 Qd7 27. Bf4 Nc5 28.
Bh7+ Kf8 29. Bc2 Nd3 30. Bxd3 cxd3 31. e6 Bxf4 32. Nh7+ Kg8 33. Nf6+ gxf6 34.
exf7+ Kh8 0-1

[Event "8th Sunway Sitges 2021"]
[Site "Sitges ESP"]
[Date "2021.12.16"]
[Round "4.6"]
[White "Puranik, Abhimanyu"]
[Black "Priasmoro, Novendra"]
[Result "1/2-1/2"]
[WhiteTitle "GM"]
[BlackTitle "GM"]
[WhiteElo "2604"]
[BlackElo "2502"]
[WhiteFideId "5061245"]
[BlackFideId "7105029"]
[EventDate "2021.12.13"]

1. e4 e5 2. Nf3 Nc6 3. Bb5 a6 4. Ba4 Nf6 5. O-O Nxe4 6. d4 b5 7. Bb3 d5 8. dxe5
Be6 9. Nbd2 Nc5 10. c3 Be7 11. Bc2 d4 12. Nb3 d3 13. Bb1 Nxb3 14. axb3 Bf5 15.
Re1 O-O 16. b4 Qd7 17. h3 Rfd8 18. Bf4 a5 19. bxa5 Rxa5 20. Rxa5 Nxa5 21. Nd4 c5
22. e6 fxe6 23. Nxf5 exf5 24. Qxd3 Qxd3 25. Bxd3 Rxd3 26. Rxe7 Rd5 27. Ra7 Nc6
28. Rb7 c4 29. Be3 Nd8 30. Rc7 Ne6 31. Re7 Rd6 32. f4 h5 33. g3 Kf8 34. Rb7 Rd5
35. Kf2 Ke8 36. Kf3 Kf8 37. Ke2 g6 38. Kf3 Ke8 39. Ke2 Kf8 40. Kf3 1/2-1/2

[Event "8th Sunway Sitges 2021"]
[Site "Sitges ESP"]
[Date "2021.12.16"]
[Round "4.7"]
[White "Safarli, Eltaj"]
[Black "Garriga Cazorla, Pere"]
[Result "1/2-1/2"]
[WhiteTitle "GM"]
[BlackTitle "IM"]
[WhiteElo "2579"]
[BlackElo "2477"]
[WhiteFideId "13402129"]
[BlackFideId "32011601"]
[EventDate "2021.12.13"]

1. e4 c5 2. Nf3 d6 3. d4 cxd4 4. Nxd4 Nf6 5. Nc3 a6 6. Nf3 Nc6 7. Bf4 e5 8. Bg5
Be7 9. Bxf6 Bxf6 10. Bc4 O-O 11. O-O Be6 12. Nd5 Na5 13. Bb3 Nxb3 14. axb3 Rc8
15. c3 Bg5 16. Nxg5 Qxg5 17. Ne3 Rc6 18. b4 h5 19. Qd3 h4 20. b5 axb5 21. Qxb5
Rb8 22. Rae1 Qd8 23. Rd1 g6 24. h3 Qe7 25. Rd2 Ra8 26. Rfd1 Raa6 27. Nd5 Bxd5
28. Rxd5 Kg7 29. Qd3 Ra2 30. Rb5 Rca6 31. Qf1 R2a4 32. Kh2 1/2-1/2

[Event "8th Sunway Sitges 2021"]
[Site "Sitges ESP"]
[Date "2021.12.16"]
[Round "4.8"]
[White "Kadric, Denis"]
[Black "Quintiliano Pinto, Renato R."]
[Result "1-0"]
[WhiteTitle "GM"]
[BlackTitle "IM"]
[WhiteElo "2572"]
[BlackElo "2466"]
[WhiteFideId "14403803"]
[BlackFideId "2117568"]
[EventDate "2021.12.13"]

1. e4 c5 2. Nc3 g6 3. Nge2 Bg7 4. d4 cxd4 5. Nxd4 d6 6. Be3 Nf6 7. f3 O-O 8. Bc4
Nc6 9. Bb3 Bd7 10. h4 h5 11. Qd2 Rc8 12. O-O-O Ne5 13. g4 hxg4 14. h5 Nxh5 15.
Nd5 Nc4 16. Bxc4 Rxc4 17. b3 Rc5 18. fxg4 Bxg4 19. Rdg1 Qd7 20. Bh6 Be5 21. Rh4
Ng3 22. Bxf8 Kxf8 23. Rxg3 1-0

[Event "8th Sunway Sitges 2021"]
[Site "Sitges ESP"]
[Date "2021.12.16"]
[Round "4.9"]
[White "Rios, Cristhian Camilo"]
[Black "Livaic, Leon"]
[Result "1-0"]
[WhiteTitle "GM"]
[BlackTitle "IM"]
[WhiteElo "2460"]
[BlackElo "2547"]
[WhiteFideId "4403940"]
[BlackFideId "14531534"]
[EventDate "2021.12.13"]

1. d4 Nf6 2. c4 c5 3. d5 g6 4. Nc3 Bg7 5. e4 d6 6. h3 O-O 7. Nf3 e6 8. Bd3 exd5
9. exd5 Re8+ 10. Be3 Rxe3+ 11. fxe3 Qe7 12. O-O Nbd7 13. Qd2 Nh5 14. e4 Ne5 15.
Nxe5 Bxe5 16. Ne2 Qh4 17. Rf3 Bd7 18. Qe1 Qe7 19. Qd2 b6 20. Raf1 Be8 21. b3 Nf6
22. Nf4 Nd7 23. Bc2 a6 24. Kh1 Rb8 25. Nd3 Bg7 26. b4 b5 27. bxc5 dxc5 28. Bb3
Qd6 29. Qf2 Ne5 30. Nxe5 Bxe5 31. Rxf7 Bxf7 32. Qxf7+ Kh8 33. Qe6 Qxe6 34. dxe6
Re8 35. cxb5 axb5 36. Bd5 c4 37. Rb1 c3 38. Rxb5 Bd6 39. Rb6 Rc8 40. Bb3 Bc5 41.
Rb7 Ba3 42. Ra7 Bb4 43. Ra4 Be7 44. Ra7 Bb4 45. e7 Re8 46. Ba4 Rxe7 47. Rxe7
Bxe7 48. Kg1 Kg7 49. Kf2 Kf6 50. Ke3 Ke5 51. Bc2 Kd6 52. Kd4 Bf6+ 53. Kc4 Kc6
54. a4 Be5 55. a5 Bc7 56. Ba4+ Kb7 57. Kb5 Bb8 58. a6+ Kc7 59. Kc5 1-0

[Event "8th Sunway Sitges 2021"]
[Site "Sitges ESP"]
[Date "2021.12.16"]
[Round "4.10"]
[White "Soumya, Swaminathan"]
[Black "Nihal, Sarin"]
[Result "1/2-1/2"]
[WhiteTitle "IM"]
[BlackTitle "GM"]
[WhiteElo "2351"]
[BlackElo "2662"]
[WhiteFideId "5016193"]
[BlackFideId "25092340"]
[EventDate "2021.12.13"]

1. d4 Nf6 2. c4 g6 3. Nf3 Bg7 4. Nc3 O-O 5. e4 d6 6. Be2 e5 7. d5 a5 8. Bg5 h6
9. Be3 Ng4 10. Bd2 f5 11. h3 Nf6 12. exf5 gxf5 13. Qc1 f4 14. g3 e4 15. Nh4 e3
16. fxe3 fxg3 17. Ng6 Re8 18. Rg1 Na6 19. Nf4 Nc5 20. Bf3 Bf5 21. Rxg3 Kh8 22.
Ke2 Nfd7 23. Qg1 Be5 24. e4 Qh4 25. Ng6+ Bxg6 26. Rxg6 Rg8 27. Rxh6+ Qxh6 28.
Bxh6 Rxg1 29. Rxg1 c6 30. Ke3 a4 31. Nd1 a3 32. b4 Na6 33. dxc6 bxc6 34. b5 Nb4
35. bxc6 Nb6 36. Be2 Nxc6 37. Rg2 Nb4 38. Bd3 Kh7 39. Bg5 Na4 40. Bb1 Rc8 41.
Bf6 Rxc4 42. Rg7+ Kh6 43. Bxe5 dxe5 44. Rb7 Kg5 45. Nf2 Nc3 46. Bd3 Rd4 47. Rg7+
Kf6 48. Ra7 Nd1+ 49. Nxd1 Rxd3+ 50. Ke2 Rxh3 51. Ne3 Rh2+ 52. Kf3 Rxa2 53. Ra4
Nd3 54. Nc4 Ne1+ 55. Ke3 Ra1 56. Ra6+ Ke7 57. Kd2 a2 58. Nxe5 Ng2 59. Nc6+ Ke6 1/2-1/2

[Event "8th Sunway Sitges 2021"]
[Site "Sitges ESP"]
[Date "2021.12.16"]
[Round "4.11"]
[White "Pranesh, M"]
[Black "Tabatabaei, M. Amin"]
[Result "1/2-1/2"]
[WhiteTitle "IM"]
[BlackTitle "GM"]
[WhiteElo "2437"]
[BlackElo "2643"]
[WhiteFideId "35028600"]
[BlackFideId "12521213"]
[EventDate "2021.12.13"]

1. e4 c5 2. Nf3 d6 3. d4 cxd4 4. Nxd4 Nf6 5. Nc3 Nc6 6. Bg5 e6 7. Qd3 Bd7 8.
O-O-O a6 9. Qg3 Be7 10. Nxc6 bxc6 11. Be2 d5 12. h4 O-O 13. h5 Ne8 14. Bxe7 Qxe7
15. h6 g6 16. Qe3 Qd6 17. Na4 Nc7 18. e5 Qe7 19. Nc5 a5 20. a4 Bc8 21. f4 Ba6
22. Bf3 Bc4 23. Qa3 Rfe8 24. Rhe1 Rab8 25. Qe3 Na6 26. Nxa6 Bxa6 27. Qc3 Qb4 28.
Rd4 Qb6 29. f5 c5 30. Rxd5 exd5 31. Bxd5 Qb4 32. e6 Qxc3 33. exf7+ Kf8 34. Rxe8+
Rxe8 35. fxe8=Q+ Kxe8 36. bxc3 gxf5 37. Bg8 f4 38. Kd2 Bb7 39. Bxh7 Bxg2 40. Kd3
Kf7 41. Kc4 f3 42. Bd3 f2 43. Kxc5 f1=Q 44. Bxf1 Bxf1 45. c4 Kg6 46. Kd5 Bg2+
47. Kd6 Be4 48. c5 Bxc2 49. c6 Kxh6 50. c7 Bf5 51. Kc6 Kg7 52. Kb6 Kf6 53. Kxa5
Ke7 54. Kb6 Bc8 55. Kc6 Ke6 56. a5 Ke7 57. Kb6 Kd6 58. a6 Bxa6 59. Kxa6 Kxc7 1/2-1/2

[Event "8th Sunway Sitges 2021"]
[Site "Sitges ESP"]
[Date "2021.12.16"]
[Round "4.12"]
[White "Abdusattorov, Nodirbek"]
[Black "Mohammad, Nubairshah Shaikh"]
[Result "1-0"]
[WhiteTitle "GM"]
[BlackTitle "IM"]
[WhiteElo "2633"]
[BlackElo "2429"]
[WhiteFideId "14204118"]
[BlackFideId "5053196"]
[EventDate "2021.12.13"]

1. c4 c6 2. d4 d5 3. cxd5 cxd5 4. Bf4 Nc6 5. e3 Nf6 6. Nc3 Bf5 7. Nf3 e6 8. Be2
Bd6 9. Ne5 Bxe5 10. Bxe5 O-O 11. h4 h6 12. g4 Bg6 13. Bxf6 Qxf6 14. f4 Qe7 15.
g5 Rfc8 16. Bd3 Qb4 17. Rh2 Ne7 18. a3 Qa5 19. Bxg6 Nxg6 20. Rc1 Ne7 21. gxh6
gxh6 22. Rg2+ Kf8 23. Qb3 Nf5 24. a4 Nxe3 25. Qa3+ Ke8 26. Rg8+ Kd7 27. Rg7 Rf8
28. Ke2 Nc4 29. Qc5 Rac8 30. Qxa5 Nxa5 31. f5 exf5 32. Rh7 Rg8 33. Kf2 Rg4 34.
Rxf7+ Ke6 35. Rh7 Rxh4 36. Rg1 Rh2+ 37. Kg3 Rxb2 38. Re1+ Kf6 39. Nxd5+ Kg6 40.
Rd7 Rc6 41. Rg1 h5 42. Kf4+ Kh6 43. Ne7 Rf2+ 44. Ke3 1-0

[Event "8th Sunway Sitges 2021"]
[Site "Sitges ESP"]
[Date "2021.12.16"]
[Round "4.13"]
[White "Neelotpal, Das"]
[Black "Karthikeyan, Murali"]
[Result "1-0"]
[WhiteTitle "GM"]
[BlackTitle "GM"]
[WhiteElo "2410"]
[BlackElo "2630"]
[WhiteFideId "5003512"]
[BlackFideId "5074452"]
[EventDate "2021.12.13"]

1. e4 c5 2. Nf3 Nc6 3. d4 cxd4 4. Nxd4 Nf6 5. Nc3 d6 6. Bg5 e6 7. Qd2 a6 8.
O-O-O Be7 9. f3 Nxd4 10. Qxd4 b5 11. Kb1 Qc7 12. h4 Rb8 13. g4 h6 14. Bc1 Qb6
15. Qd2 b4 16. Na4 Qc7 17. b3 Bd7 18. Nb2 d5 19. Qg2 dxe4 20. fxe4 Bc6 21. Bd3
h5 22. gxh5 Nxh5 23. Nc4 Bb5 24. e5 Bc6 25. Be4 Bxe4 26. Qxe4 Ng3 27. Qg4 Nf5
28. Rdf1 g6 29. h5 gxh5 30. Rxh5 Rxh5 31. Qxh5 Rd8 32. Rg1 Bf8 33. Rg8 Qc5 34.
Nd6+ Rxd6 35. exd6 Qxd6 36. Qh1 Qd5 37. Qh2 Qb7 38. Bg5 Ne7 39. Rxf8+ Kxf8 40.
Qh8+ Ng8 41. Bh6+ Ke7 42. Qxg8 Qh1+ 43. Bc1 e5 44. Qb8 1-0

[Event "8th Sunway Sitges 2021"]
[Site "Sitges ESP"]
[Date "2021.12.16"]
[Round "4.14"]
[White "Erigaisi, Arjun"]
[Black "Baenziger, Fabian"]
[Result "1/2-1/2"]
[WhiteTitle "GM"]
[BlackTitle "IM"]
[WhiteElo "2629"]
[BlackElo "2409"]
[WhiteFideId "35009192"]
[BlackFideId "1330110"]
[EventDate "2021.12.13"]

1. e4 c5 2. Nf3 d6 3. d4 cxd4 4. Nxd4 Nf6 5. Nc3 a6 6. Bg5 e6 7. f4 Qb6 8. Nb3
Nbd7 9. Qf3 Qc7 10. a4 b6 11. Bd3 Bb7 12. O-O Be7 13. Qh3 h6 14. Rae1 O-O-O 15.
Bxf6 Bxf6 16. Qh5 Bxc3 17. bxc3 Nc5 18. f5 Kb8 19. Nxc5 Qxc5+ 20. Kh1 Rd7 21.
Qg4 Qe5 22. Rb1 Ka7 23. Rb3 h5 24. Qe2 Rc7 25. Rfb1 Rc6 26. Qf2 Qc5 27. Qg3 exf5
28. Qxg7 Qe5 29. Qxe5 dxe5 30. exf5 Rd6 31. a5 b5 32. Rb4 Rg8 33. Rg1 Rc8 34. h4
Rxc3 35. Kh2 Kb8 36. Re1 f6 37. Re2 Ra3 38. Be4 Bxe4 39. Rbxe4 Rxa5 40. g4 hxg4
41. Kg3 Ra1 42. h5 Rh1 43. Rh2 Rg1+ 44. Rg2 Rh1 45. Rh2 Rg1+ 46. Rg2 1/2-1/2

[Event "8th Sunway Sitges 2021"]
[Site "Sitges ESP"]
[Date "2021.12.16"]
[Round "4.15"]
[White "Sukandar, Irine Kharisma"]
[Black "Kollars, Dmitrij"]
[Result "0-1"]
[WhiteTitle "IM"]
[BlackTitle "GM"]
[WhiteElo "2407"]
[BlackElo "2622"]
[WhiteFideId "7101937"]
[BlackFideId "12909572"]
[EventDate "2021.12.13"]

1. e4 c6 2. d4 d5 3. Nc3 dxe4 4. Nxe4 Nf6 5. Nxf6+ exf6 6. c3 Bd6 7. Bd3 O-O 8.
Qc2 c5 9. Ne2 g6 10. Be3 Qc7 11. dxc5 Bxc5 12. Bxc5 Qxc5 13. O-O Nc6 14. Be4 Re8
15. Bxc6 bxc6 16. Nd4 Qb6 17. Rfe1 Bb7 18. Nb3 c5 19. Qd3 Qc6 20. Qf3 Qxf3 21.
gxf3 Bxf3 22. Nxc5 Rad8 23. Nb3 Re5 24. Nd4 Rg5+ 25. Kf1 Bg2+ 26. Ke2 Bb7 27. h4
Rh5 28. Kd2 Kf8 29. Kc2 Rxh4 30. Rad1 Rd5 31. b4 h5 32. a4 Rf4 33. Rd2 h4 34.
Re3 Bc8 35. Rde2 Bd7 36. Kb3 Re5 37. f3 Rxe3 38. Rxe3 h3 39. Re2 Rh4 40. Rh2 Ke7
41. b5 g5 42. a5 f5 43. b6 axb6 44. axb6 Kd6 45. f4 g4 46. Rd2 Kc5 47. b7 Rh8
48. c4 Bc6 49. Nxf5 Bxb7 50. Rh2 Rd8 51. Nh6 Rd3+ 52. Kc2 Rg3 0-1

[Event "8th Sunway Sitges 2021"]
[Site "Sitges ESP"]
[Date "2021.12.16"]
[Round "4.16"]
[White "Dionisi, Thomas"]
[Black "Maze, Sebastien"]
[Result "1/2-1/2"]
[WhiteTitle "IM"]
[BlackTitle "GM"]
[WhiteElo "2396"]
[BlackElo "2541"]
[WhiteFideId "651893"]
[BlackFideId "613762"]
[EventDate "2021.12.13"]

1. e4 e5 2. Nf3 Nc6 3. Bb5 a6 4. Ba4 d6 5. O-O Bd7 6. c3 Nf6 7. Re1 g6 8. d4 b5
9. Bc2 Bg7 10. a4 Rb8 11. axb5 axb5 12. h3 O-O 13. dxe5 Nxe5 14. Nxe5 dxe5 15.
Be3 Qc8 16. Nd2 Bc6 17. Qf3 Ra8 18. Nb3 Rd8 19. Rxa8 Qxa8 20. Ra1 Qc8 21. Nc5
Be8 22. Bb3 Nd7 23. Ne6 fxe6 24. Bxe6+ Kh8 25. Bg5 h6 26. Be7 Qb8 27. Rd1 Qb6
28. Bg4 h5 29. Bxd8 hxg4 30. Qxg4 Qc6 31. Qh4+ Kg8 32. Qe7 Nc5 33. Qxc7 Nxe4 34.
f3 Nc5 35. Qe7 Ne6 36. Rd6 Qc5+ 37. Kh1 Bf8 38. Qxe8 Qxd6 39. Qxg6+ Ng7 40. Bf6
Qd2 41. Qe4 Qc1+ 42. Kh2 Qf4+ 43. Qxf4 exf4 44. Be5 Ne6 45. h4 Nc5 46. Bxf4 Nd3
47. Bd2 Nxb2 48. Kg3 Bg7 49. Kf2 Nd1+ 50. Ke2 Nxc3+ 51. Kd3 Nd5 52. Ke4 Nf6+ 53.
Kd4 Bf8 54. g4 Kf7 55. g5 Nh5 56. Kd5 Kg6 57. Bc1 Ng3 58. Kc6 b4 59. Kb5 Ne2 60.
Bb2 Nf4 61. Kc4 Kf5 62. Bc1 Ng6 63. f4 Nxf4 64. Bxf4 Kxf4 65. g6 Kg4 66. g7 Bxg7
67. Kxb4 Kxh4 1/2-1/2

[Event "8th Sunway Sitges 2021"]
[Site "Sitges ESP"]
[Date "2021.12.16"]
[Round "4.17"]
[White "Dardha, Daniel"]
[Black "Hess, Max"]
[Result "1-0"]
[WhiteTitle "GM"]
[BlackTitle "FM"]
[WhiteElo "2533"]
[BlackElo "2404"]
[WhiteFideId "240990"]
[BlackFideId "24656666"]
[EventDate "2021.12.13"]

1. d4 d5 2. c4 e6 3. Nf3 Nf6 4. g3 Be7 5. Bg2 O-O 6. O-O dxc4 7. Qa4 a6 8. Qxc4
b5 9. Qc2 Bb7 10. Bd2 Be4 11. Qc1 c6 12. Rd1 Qb6 13. Nc3 Bg6 14. Ne5 Bh5 15. Bg5
b4 16. Ne4 Bxe2 17. Bxf6 Bxf6 18. Nxf6+ gxf6 19. Re1 Bh5 20. Qh6 fxe5 21. Qxh5
exd4 22. Qg5+ Kh8 23. Qf6+ Kg8 24. Re5 Re8 25. Rg5+ Kf8 26. Rg7 Re7 27. Rxh7 Ke8
28. Rd1 Qc5 29. Rxd4 Qc1+ 30. Bf1 Nd7 31. Rh8+ Nf8 32. Rxf8+ Kxf8 33. Qh8# 1-0

[Event "8th Sunway Sitges 2021"]
[Site "Sitges ESP"]
[Date "2021.12.16"]
[Round "4.18"]
[White "Dann, Matthias"]
[Black "Dalaud, Dorian"]
[Result "1-0"]
[WhiteTitle "IM"]
[BlackTitle "FM"]
[WhiteElo "2482"]
[BlackElo "2275"]
[WhiteFideId "24638056"]
[BlackFideId "36093270"]
[EventDate "2021.12.13"]

1. Nf3 c5 2. g3 Nc6 3. Bg2 d5 4. d4 Nf6 5. O-O e6 6. c4 dxc4 7. dxc5 Qxd1 8.
Rxd1 Bxc5 9. Nbd2 Ng4 10. Nxc4 Ke7 11. e3 e5 12. Rd5 Bb6 13. b3 Be6 14. Ba3+ Kf6
15. Rb5 Bxc4 16. bxc4 Na5 17. c5 Bc7 18. Bb4 b6 19. cxb6 axb6 20. Rc1 Rhc8 21.
h3 Nh6 22. g4 Ng8 23. Rxa5 bxa5 24. Rc6+ Bd6 25. Rxd6+ Ke7 26. Ba3 f6 27. Nxe5 1-0

[Event "8th Sunway Sitges 2021"]
[Site "Sitges ESP"]
[Date "2021.12.16"]
[Round "4.19"]
[White "Moksh, Amit Doshi"]
[Black "Di Berardino, Diego Rafael"]
[Result "1/2-1/2"]
[WhiteTitle "IM"]
[BlackTitle "IM"]
[WhiteElo "2368"]
[BlackElo "2480"]
[WhiteFideId "25064967"]
[BlackFideId "2105446"]
[EventDate "2021.12.13"]

1. d4 Nf6 2. c4 e6 3. Nf3 b6 4. g3 Bb7 5. Bg2 Be7 6. O-O O-O 7. Nc3 Ne4 8. Bd2
Nxd2 9. Qxd2 d6 10. e4 Nd7 11. Rad1 c6 12. Rfe1 e5 13. Bh3 exd4 14. Nxd4 g6 15.
f4 Qc7 16. b4 Rad8 17. b5 cxb5 18. Nd5 Bxd5 19. cxd5 Bf6 20. Nc6 Rde8 21. Bxd7
Qxd7 22. Rb1 a6 23. a4 bxa4 24. Rxb6 a3 25. e5 dxe5 26. fxe5 Bg7 27. Rb3 Rc8 28.
Qg2 Rfe8 29. Rxa3 a5 30. Rxa5 Bxe5 31. Nxe5 Qc7 32. Raa1 Rxe5 33. Rxe5 Qxe5 34.
Rd1 1/2-1/2

[Event "8th Sunway Sitges 2021"]
[Site "Sitges ESP"]
[Date "2021.12.16"]
[Round "4.20"]
[White "Manu, David Suthandram R"]
[Black "Stefanova, Antoaneta"]
[Result "1/2-1/2"]
[WhiteTitle "FM"]
[BlackTitle "GM"]
[WhiteElo "2360"]
[BlackElo "2469"]
[WhiteFideId "35019562"]
[BlackFideId "2902257"]
[EventDate "2021.12.13"]

1. e4 e5 2. Nf3 Nc6 3. Bc4 Bc5 4. O-O Nf6 5. d4 Bxd4 6. Nxd4 Nxd4 7. f4 d6 8.
fxe5 dxe5 9. Bg5 Qe7 10. Na3 Bd7 11. Kh1 h5 12. Qe1 Ne6 13. Bxf6 gxf6 14. Qh4
Rh6 15. Bd5 O-O-O 16. Nc4 Nf4 17. Ne3 Rg8 18. Rad1 Rhg6 19. Rd2 c6 20. Bb3 Qb4
21. c3 Qc5 22. Qf2 R6g7 23. Rfd1 Be6 24. g3 Nh3 25. Qxf6 Ng5 26. Nf5 Nxe4 27.
Bxe6+ Kc7 28. Rd7+ Kb6 29. Qe7 Qxe7 30. Nxe7 Nf2+ 31. Kg1 Nxd1 32. Nxg8 Rxg8 33.
Bxf7 Rg7 34. Rxd1 Rxf7 35. Rd6 a5 36. Kg2 Kc5 37. Rd3 Kc4 38. Re3 Kd5 39. Rf3
Rh7 40. Kf2 Ke4 41. Ke2 a4 42. h3 1/2-1/2

[Event "8th Sunway Sitges 2021"]
[Site "Sitges ESP"]
[Date "2021.12.16"]
[Round "4.21"]
[White "Kurmann, Oliver"]
[Black "Kenneskog, Theodor"]
[Result "1-0"]
[WhiteTitle "IM"]
[BlackTitle "FM"]
[WhiteElo "2466"]
[BlackElo "2307"]
[WhiteFideId "1308173"]
[BlackFideId "1715011"]
[EventDate "2021.12.13"]

1. e4 e5 2. Nf3 Nc6 3. Bb5 a6 4. Ba4 Nf6 5. O-O b5 6. Bb3 Bc5 7. a4 Rb8 8. c3 d6
9. d4 Bb6 10. a5 Ba7 11. h3 O-O 12. Be3 Re8 13. Ng5 Rf8 14. Re1 Ra8 15. Nf3 Bb7
16. Nbd2 Re8 17. Ng5 Re7 18. Ndf3 h6 19. Nxf7 Rxf7 20. dxe5 Bxe3 21. exf6 Ba7
22. Bxf7+ Kxf7 23. Qd5+ Kf8 24. e5 dxe5 25. fxg7+ Kxg7 26. Qe4 Qf6 27. Rad1 Rd8
28. Qg4+ Kh7 29. Rxd8 Nxd8 30. Rxe5 Nf7 31. Re6 1-0

[Event "8th Sunway Sitges 2021"]
[Site "Sitges ESP"]
[Date "2021.12.16"]
[Round "4.22"]
[White "Devnani, Kush"]
[Black "Fier, Alexandr"]
[Result "0-1"]
[BlackTitle "GM"]
[WhiteElo "1934"]
[BlackElo "2572"]
[WhiteFideId "45093806"]
[BlackFideId "2107139"]
[EventDate "2021.12.13"]

1. d4 Nf6 2. c4 c5 3. d5 b5 4. cxb5 a6 5. bxa6 g6 6. Nc3 Bg7 7. e4 O-O 8. a7
Rxa7 9. Nf3 e6 10. Be2 exd5 11. exd5 d6 12. O-O Na6 13. Nb5 Rd7 14. Bc4 Bb7 15.
Qb3 Qa8 16. Rd1 Nb4 17. Bf4 Rfd8 18. Nc3 Na6 19. Qa4 h6 20. a3 g5 21. Bd2 Re7
22. Re1 Rxe1+ 23. Rxe1 Nc7 24. Qxa8 Bxa8 25. Re7 Nd7 26. h4 Kf8 27. Re1 Nb6 28.
Ba2 g4 29. Nh2 h5 30. Ne4 Nbxd5 31. Ba5 Rd7 32. b4 Bd4 33. Nf1 Ne6 34. Nfg3 Ndf4
35. Nf5 Nd3 36. Bxe6 fxe6 37. Nxd4 Nxe1 38. Nxe6+ Ke7 39. N6g5 c4 40. b5 Nd3 41.
b6 Bxe4 42. Nxe4 d5 43. Nd2 Kd6 44. Kf1 Kc5 45. a4 Re7 46. g3 d4 47. f3 c3 48.
Ne4+ Kc6 49. Ke2 gxf3+ 50. Kxf3 c2 51. Bd2 Kxb6 52. Ke2 c1=Q 0-1

[Event "8th Sunway Sitges 2021"]
[Site "Sitges ESP"]
[Date "2021.12.16"]
[Round "4.23"]
[White "Domingo Nunez, Alejandro"]
[Black "Iniyan, P"]
[Result "0-1"]
[WhiteTitle "FM"]
[BlackTitle "GM"]
[WhiteElo "2340"]
[BlackElo "2555"]
[WhiteFideId "22245561"]
[BlackFideId "25002767"]
[EventDate "2021.12.13"]

1. e4 e5 2. Nf3 Nc6 3. Bc4 Bc5 4. c3 Nf6 5. d3 d6 6. O-O O-O 7. h3 a6 8. Bb3 Ba7
9. Re1 h6 10. Nbd2 Re8 11. Nf1 Be6 12. Bc2 d5 13. Qe2 Qd7 14. N3h2 Rad8 15. Ng3
Qe7 16. Qf3 Nh7 17. Nf5 Bxf5 18. Qxf5 Qf6 19. Qxf6 Nxf6 20. exd5 Nxd5 21. Re2 f6
22. Bd2 Re7 23. Rae1 Red7 24. Nf3 g5 25. g3 Kg7 26. Kg2 b5 27. a3 Nce7 28. d4
exd4 29. cxd4 Nc6 30. Bf5 Rd6 31. Re4 Kf8 32. Be6 Nde7 33. Bb3 Bxd4 34. Bb4 Bxb2
35. R1e2 Ba1 36. Re1 Nxb4 37. axb4 Be5 38. Nxe5 fxe5 39. Rxe5 Nd5 40. Rf5+ Nf6
41. Rc1 c6 42. Rfc5 Nd5 43. Rxc6 Nxb4 44. Rc7 R6d7 45. R7c5 Re7 46. R1c3 Kg7 47.
Rf5 Rd3 48. Rxd3 Nxd3 49. h4 gxh4 50. gxh4 Rc7 51. Rd5 Nc5 52. Ba2 b4 53. Rd6
Rd7 54. Rxd7+ Nxd7 55. Kf3 a5 56. Ke3 a4 57. Bc4 Nb6 58. Kd4 Nxc4 59. Kxc4 b3
60. Kc3 Kf6 61. Kb2 Ke6 62. Kc3 Kd5 63. Kb2 Kc4 0-1